000 00648nam a2200217 a 4500
003 DO-SdBNP
005 20240313135413.0
007 ta
008 180418s2022 dr 000 spa d
020 _a9789945241426
040 _aDO-SdBNP
_bspa
_cBNPHU
082 4 _222
100 1 _aCórdova, Cuqui,
_d1929-2020
_954809
245 1 0 _aTú serás mi novia /
_cBismar Galán ; edición Jorge Luis Zamora
260 _aSanto Domingo :
_bSantillana,
_c2022.
300 _a157 p. ;
_c28 cm.
500 _aIncluye datos biográficos del autor en la solapa de la cubierta
590 _aInventariado, 2022/BT
910 _aBtavárez
942 _2ddc
_cLBS1
999 _c46678
_d46678